Storia del diritto privato romano

Uloženo v:
Podrobná bibliografie
Hlavní autor: Fascione, Lorenzo (Autor)
Médium: Kniha
Jazyk:italština
Vydáno: Turín G. Giappichelli 2006
Vydání:1a. ed
Témata:
Tagy: Přidat tag
Žádné tagy, Buďte první, kdo vytvoří štítek k tomuto záznamu!

MARC

LEADER 00000nam a2200000 a 4500
001 UCJ9449
003 CL-VaPUC
008 070316e20060900IT |||||||||||||||||ita|d
020 |a 8834864042 
082 0 4 |a 340.54  |b FAS  |2 21 
100 0 |a Fascione, Lorenzo  |e author  |9 519484 
245 1 0 |a Storia del diritto privato romano  
250 |a 1a. ed 
300 |a 628 p 
942 |c BK 
945 |d 20070316 00:00:00  |a lvergara 
260 |a Turín  |b G. Giappichelli  |c 2006 
650 0 |a Derecho romano  |9 255930 
650 7 |a HISTORIA DEL DERECHO ROMANO  |2 CL-VaPUC  |9 401481 
650 0 |a Jurisprudencia  |9 255952 
650 0 |a Derecho italiano  |9 385337 
583 |a last modification  |c 20070316 00:00:00  |k Rodrigo Vera 
999 |c 324973  |d 324971 
952 |0 0  |1 0  |4 0  |6 340_540000000000000_FAS_2006  |7 0  |8 DER_ROM  |9 405395  |a BIBDER  |b BIBDER  |d 2019-11-22  |i 432255K  |o 340.54 FAS 2006  |p 432255K  |r 2023-01-25  |w 2019-11-22  |x Ubicación 4to piso  |y BK  |z Este recurso debe solicitarse con anticipación  |k DER